000
00273nam a2200121 a 4500
008
101208s1982|||| d
100
1
_a
Holló, D.
245
1
0
_a
Příručka filmaře amatéra
260
_b
SNTL
_a
Praha
_c
1982
020
_c
45
041
_a
ces
044
_a
CZ
999
_c
13947
_d
13947